000 00582nam a2200145Ia 4500
008 100122s9999 xx 000 0 und d
082 _b17784
_a922.945
100 _aढेरे रामचंद्र चिं
245 _aईश्वरनिष्ठांची मांदियाळी
260 _bश्रीरामकृष्ण आश्रम
_c1971
300 _a154
630 _aईश्वरनिष्ठांची मांदियाळी
730 _aईश्वरनिष्ठांची मांदियाळी
942 _cBOOK
999 _c407398
_d407395